Fluid mechanics / (Record no. 32425)

000 -LEADER
fixed length control field 00973cam a22003374a 4500
001 - CONTROL NUMBER
control field 5972610
003 - CONTROL NUMBER IDENTIFIER
control field OSt
005 - DATE AND TIME OF LATEST TRANSACTION
control field 20220106100914.0
008 - FIXED-LENGTH DATA ELEMENTS--GENERAL INFORMATION
fixed length control field 050907s2005 enka b 001 0 eng
010 ## - LIBRARY OF CONGRESS CONTROL NUMBER
LC control number 2005054617
020 ## - INTERNATIONAL STANDARD BOOK NUMBER
International Standard Book Number 9788131721407
024 3# - OTHER STANDARD IDENTIFIER
Standard number or code 9780131292932
035 ## - SYSTEM CONTROL NUMBER
System control number (OCoLC)ocm61500116
035 ## - SYSTEM CONTROL NUMBER
System control number (NNC)5972610
038 ## - RECORD CONTENT LICENSOR
Staff Name khadija
040 ## - CATALOGING SOURCE
Original cataloging agency DLC
Transcribing agency DLC
Modifying agency YDXCP
-- BAKER
-- IG#
-- OCLCQ
-- UBY
-- NNC
042 ## - AUTHENTICATION CODE
Authentication code pcc
050 00 - LIBRARY OF CONGRESS CALL NUMBER
Classification number TA357
Item number .D68 2005
082 00 - DEWEY DECIMAL CLASSIFICATION NUMBER
Classification number 620.106
Edition number 22
Author Mark FLU
245 00 - TITLE STATEMENT
Title Fluid mechanics /
Statement of responsibility, etc. John F. Douglas ... [et al.].
250 ## - EDITION STATEMENT
Edition statement 5th ed.
260 ## - PUBLICATION, DISTRIBUTION, ETC.
Place of publication, distribution, etc. Harlow, Essex ;
-- New York, N.Y. :
Name of publisher, distributor, etc. Pearson/Prentice Hall,
Date of publication, distribution, etc. 2005.
300 ## - PHYSICAL DESCRIPTION
Extent xxxiii, 958 p. :
Other physical details ill. (some col.) ;
Dimensions 25 cm.
504 ## - BIBLIOGRAPHY, ETC. NOTE
Bibliography, etc. note Includes bibliographical references and index.
563 ## - BINDING INFORMATION
Binding note PB
650 #0 - SUBJECT ADDED ENTRY--TOPICAL TERM
Topical term or geographic name entry element Fluid mechanics.
9 (RLIN) 87340
700 1# - ADDED ENTRY--PERSONAL NAME
Personal name Douglas, John F.
9 (RLIN) 87341
942 ## - ADDED ENTRY ELEMENTS (KOHA)
Source of classification or shelving scheme
Koha item type Book
948 1# - LOCAL PROCESSING INFORMATION (OCLC); SERIES PART DESIGNATOR (RLIN)
Series part designator, SPT (RLIN) 20061103
b (OCLC) c
c (OCLC) rf4
d (OCLC) MPS
Holdings
Withdrawn status Lost status Source of classification or shelving scheme Damaged status Not for loan Permanent Location Current Location Date acquired Total Checkouts Total Renewals Full call number Barcode Date last seen Date last checked out Price effective from Koha item type Shelving location
          Central Library (CL) Central Library (CL) 09/22/2015 2 3 620.106 FLU SMME-1174 12/10/2025 09/12/2024 09/22/2015 Book  
          School of Mechanical & Manufacturing Engineering (SMME) School of Mechanical & Manufacturing Engineering (SMME) 10/02/2015 2 3 620.106 FLU SMME-1300 03/14/2023 09/15/2022 10/02/2015 Book Text Books
© 2023 Central Library, National University of Sciences and Technology. All Rights Reserved.